Bijak of kabir / (Record no. 128708)

MARC details
000 -LEADER
fixed length control field 00607nam a22002177a 4500
005 - DATE AND TIME OF LATEST TRANSACTION
control field 20170124110044.0
010 ## - LIBRARY OF CONGRESS CONTROL NUMBER
LC control number 850094
020 ## - INTERNATIONAL STANDARD BOOK NUMBER
Terms of availability 50.00
035 ## - SYSTEM CONTROL NUMBER
System control number 850094
037 ## - SOURCE OF ACQUISITION
Source of stock number/acquisition Cen Lib/Ret
040 ## - CATALOGING SOURCE
Original cataloging agency DPL
Language of cataloging EN
082 ## - DEWEY DECIMAL CLASSIFICATION NUMBER
Classification number 881
Item number AHM
100 ## - MAIN ENTRY--PERSONAL NAME
Personal name Ahmad Shah
9 (RLIN) 102182
245 ## - TITLE STATEMENT
Title Bijak of kabir /
Statement of responsibility, etc by Ahmad Shah
260 ## - PUBLICATION, DISTRIBUTION, ETC. (IMPRINT)
Place of publication, distribution, etc New Delhi
Name of publisher, distributor, etc Asian publications seriveces
Date of publication, distribution, etc 1977
270 ## - ADDRESS
City New Delhi
Address A-28, East of kailash
Postal code 110006
300 ## - PHYSICAL DESCRIPTION
Extent iv,236p.
Dimensions 21cm(Hb)
650 ## - SUBJECT ADDED ENTRY--TOPICAL TERM
Topical term or geographic name as entry element Literature
9 (RLIN) 6262
650 ## - SUBJECT ADDED ENTRY--TOPICAL TERM
Topical term or geographic name as entry element Critical literature
9 (RLIN) 102183
942 ## - ADDED ENTRY ELEMENTS (KOHA)
Source of classification or shelving scheme Dewey Decimal Classification
Koha item type English Books
Classification part 881
Call number suffix AHM
Holdings
Withdrawn status Lost status Damaged status Not for loan Home library Current library Date acquired Source of acquisition Cost, normal purchase price Total Checkouts Full call number Barcode Date last seen Copy number Cost, replacement price Price effective from Koha item type
        Central Library Central Library 03/07/2015 Cen Lib/Ret 50.00   881 AHM 850094 03/07/2015 1 50.00 03/07/2015 English Books

© Delhi Public Library
Hit Counter
free hit counter